| 000 | 00648nam a2200217 a 4500 | ||
|---|---|---|---|
| 005 | 20210219160019.0 | ||
| 008 | 080610s1985 mx r 000 0 spa d | ||
| 035 | _aUPN01000156763 | ||
| 049 | _aUNE | ||
| 080 | _a378 (81) PON. | ||
| 100 | 1 | _aPontes, Helio | |
| 245 | 1 | 3 |
_aLa educación superior en Brasil / _cpor Helio Pontes. |
| 260 |
_aCaracas : _bCRESALC-UNESCO, _c1985. |
||
| 300 |
_a52 p. : _bmapa, fots. |
||
| 440 | 0 | _aMonografía | |
| 500 | _aIncluye notas | ||
| 690 | _aEnseñanza superior | ||
| 690 | _aBrasil | ||
| 710 | 2 |
_aCRESALC. _bCentro Regional para la Educación Superior en América Latina y el Caribe |
|
| 905 | _aUNESCO | ||
| 999 |
_c128877 _d128877 |
||